Matemáticas : 6 primaria

Gespeichert in:
Bibliographische Detailangaben
Weitere Verfasser: Almodóvar, José A. Rodríguez, Magdalena
Format: Buch
Sprache:Spanisch
Erschienen: Madrid : Santillana, 2009
Katalog:MANES:  Suchergebnis im Bibliothekskatalog
Schulbuchspezifische Eigenschaften:
Schriftenreihe:Proyecto La Casa del Saber
Tags: Tag hinzufügen
Keine Tags, Fügen Sie den ersten Tag hinzu!
Hinzugefügt zu:09.02.2019
Geändert in:07.05.2025

MARC

LEADER 00000cam a2200000 i 4500
005 20250507134345.0
008 190210s2009 espa fp 000 0 spa d
020 |a 9788429489033 
040 |a uned  |b spa  |c entro-manes 
245 0 0 |a Matemáticas :   |b 6 primaria /   |c [es una obra colectiva, concebida y realizada en el Departamento de Primaria de Santillana Educación ; bajo la dirección de José Tomás Henao ; textos, José A. Almodóvar y Magdalena Rodríguez ; ilustración, Esther Gómez y José Mª Valera] 
260 |a Madrid :   |b Santillana,   |c 2009 
300 |a 223 p. :   |b il. 
490 0 |a Proyecto La Casa del Saber 
546 |a España 
561 |5 es-BUNED  |3 L.T.M. 2983  |a España. Fondo Manes UNED  |k MANES 
690 0 |a MATE 
691 0 |a PRI 
700 1 |a Almodóvar, José A.  |9 36380  |a Rodríguez, Magdalena   |q (Rodríguez Pecharromán)  |9 36381 
942 |2 ddc  |c BK 
999 |c 92530  |d 92530 
999 |c manes:92530  |d 92530